000 01034nam a22002417a 4500
005 20240305165412.0
007 cr|||| ||||
008 130426e2013 sp |||||s|||| 00||0 spa d
020 _a9783659067723
035 _a7658
040 _avLex
090 _c4198
_d4198
100 1 0 _aGamarra de Baya, Gerardo Antonio
245 1 3 _aLa delincuencia en la ciudad de San Sebastián
_bEstudio basado en encuestas a la población
_c/ Gerardo Antonio Gamarra de Baya
_h[Recurso electrónico]
256 _aServicio en línea
260 _aMadrid :
_bEditorial Académica Española,
_c2013
300 _a1 Recurso electrónico
506 _dvLex Global
_dvLex Global (Academic Edition, excluding Law Schools)
_dvLex Global (U.S. Academic Edition, Law Schools)
_dvLex Global (U.S. Academic Edition, excluding Law Schools)
_dvLex Global (Academic Edition, Law Schools)
650 0 4 _aCriminología
_zEspaña
740 _avLex Libros (Servicio en línea)
856 _aAcceso restringido
_uhttp://www.vlex.com/source/7658
942 _cRAA
999 _c162568
_d162568